Consideraciones intempestivas, 1 Davis Strauss, el confensor y el escritor [y fragmentos póstumos] (Registro nro. 42747)

Detalles MARC
000 -ENCABEZADO
Número de control [NR] 00861nam a2200217Ia 4500
008 - DE LONGITUD FIJA DE DATOS DE ELEMENTOS - INFORMACIÓN GENERAL
Elementos de longitud fija [NR] 130821s1949 sp gr spa
020 ## - NUMERO INTERNACIONAL NORMALIZADO PARA LIBROS [R]
Número Internacional Normalizado del libro [NR] 8420637114
040 ## - FUENTE DE CATALOGACION [NR]
Agencia de catalogación original [NR] Co-BoUCM
Idioma de catalogación [NR] spa
041 00 - CODIGO DE IDIOMA [R]
Código de idioma para texto/pista de sonido o título separado [R] Español
092 ## - SIGNATURA TOPOGRAFICA LOCAL
Número de clasificación local 193.9
Item number N43c
100 1# - ASIENTO PRINCIPAL--NOMBRE PERSONAL [NR]
Nombre personal [NR] Nietzsche, Friedrich Wilhelm
Fechas asociadas con el nombre [NR] 1844-1900
ID Autoridad 54237
245 10 - MENCION DE TITULO [NR]
Título [NR] Consideraciones intempestivas, 1 Davis Strauss, el confensor y el escritor [y fragmentos póstumos]
Mención de responsabilidad, etc. [NR] Federico Nietsche; introducción, traducción y notas Andrés Sánchez Pascual
260 ## - PUBLICACION, DISTRIBUCION, ETC. (PIE DE IMPRENTA) [R]
Lugar de publicación, distribución, etc. [R] Madrid (España)
Nombre del editor, distribuidor, etc. [R] Alianza Editorial
Fecha de publicación, distribución, etc. [R] 1949
300 ## - DESCRIPCION FISICA [R]
Extensión [R] 334 páginas
490 10 - MENCION DE SERIE [R]
Mención de serie [R] Biblioteca de Autor
Designación numérica/secuencial del volumen [NR] 0617
650 04 - ASIENTO SECUNDARIO DE MATERIA - TERMINO TEMATICO [R]
Término temático o nombre geográfico como elemento de entrada [NR] Aforismos y apotegmas
9 (RLIN) 8669
650 04 - ASIENTO SECUNDARIO DE MATERIA - TERMINO TEMATICO [R]
Término temático o nombre geográfico como elemento de entrada [NR] Filosofía alemana
9 (RLIN) 7622
650 04 - ASIENTO SECUNDARIO DE MATERIA - TERMINO TEMATICO [R]
Término temático o nombre geográfico como elemento de entrada [NR] Filosofía de la historia
9 (RLIN) 15763
700 2# - ASIENTO SECUNDARIO - NOMBRE PERSONAL [R]
Nombre personal [NR] Sanchez Pascual, Andrés.
Término de relación [R]
9 (RLIN) 127790
942 ## - ELEMENTOS DE ENTRADA AGREGADOS (KOHA)
Tipo de ítem principal el descrito en 300a Libro
Tema principal Filosofía
Edición 1
Parte restante de la signatura top. N677C
Sistema de clasificación DEWEY
Clasificación 193
Existencias
Fecha de último préstamo Total préstamos Total Renewals Signatura topográfica Código de barras Última vez visto Ejemplar Price effective from Tipo de ítem Perdido Sistema de clasificación Dañado No prestable Tipo de ítem específico Suprimido Ubicación habitual Ubicación actual Localización Fecha de creación Forma de adquisición Costo
05/04/2019 19 3 193 N677C 100066605 05/12/2025 Ej.1 03/02/2013 Libro   DEWEY     Libro   Claustro Claustro 2do piso 28/02/2004 Compra 55900.00